[Event "Pardubice Czech op-A 28th"]
[Site "Pardubice"]
[Date "2017.07.22"]
[Round "2"]
[White "Plischki, Sebastian"]
[Black "Klecker, Tadeas"]
[Result "1-0"]
[WhiteElo "2376"]
[BlackElo "2163"]
[PlyCount "87"]
[EventDate "2017.07.21"]
[EventType "swiss"]
[EventRounds "9"]
[EventCountry "CZE"]
[SourceTitle "CBM 179 Extra"]
[Source "ChessBase"]
[SourceDate "2017.08.23"]
[SourceVersion "1"]
[SourceVersionDate "2017.08.23"]
[SourceQuality "1"]

1. d4 d6 2. Nf3 Nc6 3. d5 Ne5 4. Nxe5 dxe5 5. e4 Nf6 6. Nc3 e6 7. Bb5+ Bd7 8. dxe6 Bxb5 9. Nxb5 Qxd1+ 10. Kxd1 0-0-0+ 11. Ke2 c6 12. Nc3 fxe6 13. f3 Bb4 14. Nd1 Kc7 15. Nf2 Nd7 16. Nd3 Bd6 17. Bg5 Rdf8 18. Be3 c5 19. c4 b6 20. a3 a5 21. b3 Ra8 22. h4 Rhg8 23. h5 Nb8 24. h6 g6 25. b4 axb4 26. axb4 Na6 27. bxc5 Nxc5 28. Bxc5 Bxc5 29. Nxe5 Bd4 30. Rxa8 Rxa8 31. Ng4 Kc6 32. e5 Kc5 33. Kd3 Ra3+ 34. Ke4 Kxc4 35. Rd1 Bc5 36. Rd7 Kc3 37. Kf4 Ra4+ 38. Kg5 b5 39. Rxh7 b4 40. Rc7 Kd4 41. h7 Ra8 42. Rb7 Kc3 43. Nf6 b3 44. Ne4+ 1-0

[Event "CZE-chT rap"]
[Site "Pardubice"]
[Date "2016.07.14"]
[Round "1.2"]
[White "Klecker, Tadeas"]
[Black "Plat, Vojtech"]
[Result "0-1"]
[WhiteElo "2207"]
[BlackElo "2498"]
[PlyCount "72"]
[EventDate "2016.07.14"]
[EventType "team-swiss"]
[EventRounds "7"]
[EventCountry "CZE"]
[SourceTitle "EXT 2017"]
[Source "ChessBase"]
[SourceDate "2016.10.25"]
[SourceVersion "1"]
[SourceVersionDate "2016.10.25"]
[SourceQuality "1"]
[WhiteTeam "Praha Vysehrad II"]
[BlackTeam "Lysa nad Labem Joly"]
[WhiteTeamCountry "CZE"]
[BlackTeamCountry "CZE"]

1. d4 d6 2. c4 e5 3. dxe5 dxe5 4. Qxd8+ Kxd8 5. Nc3 Be6 6. e4 Nd7 7. f4 exf4 8. Bxf4 Bb4 9. 0-0-0 Bxc3 10. bxc3 Ngf6 11. Bd3 Kc8 12. Nf3 Nc5 13. e5 Ng4 14. Bg3 Ne3 15. Rd2 Nxc4 16. Bxc4 Bxc4 17. Rhd1 b5 18. Nd4 Kb7 19. Nxb5 Bxb5 20. Rb2 Kc6 21. c4 Ba4 22. Rd5 Rhd8 23. Rbd2 Ne6 24. Bh4 g5 25. Bxg5 Rg8 26. Be3 Rg4 27. Ra5 Rxc4+ 28. Kb2 Rb8+ 29. Ka3 Rc3+ 30. Kxa4 Rxe3 31. Rc2+ Kd7 32. Rxa7 Rxe5 33. Ra5 Re4+ 34. Ka3 Nd4 35. Rc4 Kd6 36. Ka4 Rb2 0-1

[Event "Pardubice Czech op-A 26th"]
[Site "Pardubice"]
[Date "2015.08.01"]
[Round "9"]
[White "Klecker, Tadeas"]
[Black "Nun, Jiri"]
[Result "1/2-1/2"]
[WhiteElo "2206"]
[BlackElo "2355"]
[PlyCount "24"]
[EventDate "2015.07.24"]
[EventType "swiss"]
[EventRounds "9"]
[EventCountry "CZE"]
[SourceTitle "CBM 167 Extra"]
[Source "ChessBase"]
[SourceDate "2015.09.14"]
[SourceVersion "1"]
[SourceVersionDate "2015.09.14"]
[SourceQuality "1"]

1. d4 Nf6 2. c4 c5 3. d5 b5 4. cxb5 a6 5. bxa6 Bxa6 6. Nc3 d6 7. Nf3 g6 8. e4 Bxf1 9. Kxf1 Bg7 10. g3 0-0 11. Kg2 Nbd7 12. a4 Ra6 1/2-1/2

[Event "Pardubice Czech op-A 26th"]
[Site "Pardubice"]
[Date "2015.07.31"]
[Round "8"]
[White "Bilguun, Sumiya"]
[Black "Klecker, Tadeas"]
[Result "1-0"]
[WhiteElo "2361"]
[BlackElo "2206"]
[PlyCount "49"]
[EventDate "2015.07.24"]
[EventType "swiss"]
[EventRounds "9"]
[EventCountry "CZE"]
[SourceTitle "CBM 167 Extra"]
[Source "ChessBase"]
[SourceDate "2015.09.14"]
[SourceVersion "1"]
[SourceVersionDate "2015.09.14"]
[SourceQuality "1"]

1. e4 e5 2. Nf3 Nc6 3. Bc4 Bc5 4. c3 Nf6 5. d3 a6 6. 0-0 0-0 7. d4 Ba7 8. dxe5 Nxe4 9. b4 d6 10. Bd5 Nxf2 11. Rxf2 Bxf2+ 12. Kxf2 Nxe5 13. Bg5 Qe8 14. h3 c6 15. Bb3 Bf5 16. Qxd6 Nxf3 17. gxf3 Kh8 18. Be7 Rg8 19. Nd2 Bxh3 20. Ne4 Bf5 21. Ng5 Bg6 22. Rh1 f6 23. Bf7 fxg5 24. Qxg6 Qxe7 25. Rxh7# 1-0

[Event "CZE-chT1W 1415"]
[Site "Czech Republic"]
[Date "2014.11.11"]
[Round "2.7"]
[White "Kolar, Pavel"]
[Black "Klecker, Tadeas"]
[Result "1-0"]
[WhiteElo "2154"]
[BlackElo "2222"]
[PlyCount "157"]
[EventDate "2014.10.19"]
[EventType "team-tourn"]
[EventRounds "11"]
[EventCountry "CZE"]
[SourceTitle "EXT 2015"]
[Source "ChessBase"]
[SourceDate "2014.11.20"]
[SourceVersion "1"]
[SourceVersionDate "2014.11.20"]
[SourceQuality "1"]
[WhiteTeam "Lysa nad Labem II"]
[BlackTeam "Praha Pankrac"]
[WhiteTeamCountry "CZE"]
[BlackTeamCountry "CZE"]

1. e4 e5 2. f4 exf4 3. Bc4 Qh4+ 4. Kf1 Qe7 5. Nc3 c6 6. d4 g5 7. h4 b5 8. Bd3 b4 9. Nce2 f6 10. Nf3 Bg7 11. Bd2 a5 12. a3 Na6 13. Qe1 Bb7 14. axb4 Nxb4 15. Bxb4 Qxb4 16. Qxb4 axb4 17. Rxa8+ Bxa8 18. hxg5 fxg5 19. Nxg5 h6 20. Nf3 c5 21. dxc5 Nf6 22. Nd2 Ng4 23. Nc4 0-0 24. Rh4 Ne3+ 25. Kg1 Nxg2 26. Kxg2 f3+ 27. Kf1 fxe2+ 28. Kxe2 Bc6 29. b3 Re8 30. Nd6 Re5 31. Nf5 Kh7 32. Rh5 Bf8 33. Rh4 Rxc5 34. Ke3 Bb5 35. Bxb5 Rxb5 36. Kd4 Rb6 37. e5 Rc6 38. Rh2 Kg6 39. Nh4+ Kg5 40. Ke4 h5 41. Nf3+ Kh6 42. Nd4 Rc3 43. Nf5+ Kg6 44. Rg2+ Kh7 45. Rd2 Rc7 46. Rh2 Kg6 47. Rg2+ Kf7 48. Kd5 Rc5+ 49. Ke4 d6 50. exd6 Kf6 51. d7 Re5+ 52. Kd4 Bc5+ 53. Kc4 Bb6 54. Nd6 Rc5+ 55. Kxb4 Rd5 56. Ne8+ Ke7 57. Rg7+ Kd8 58. Nf6 Rf5 59. Rg6 h4 60. c4 Bc5+ 61. Ka4 Be7 62. Rg8+ Kc7 63. Rc8+ Kd6 64. d8Q+ Bxd8 65. Rxd8+ Ke7 66. Rh8 Rxf6 67. Rxh4 Kd8 68. Rh7 Kc8 69. b4 Kb8 70. Kb5 Rf4 71. c5 Rg4 72. Ka5 Rc4 73. Rh5 Rg4 74. b5 Rg7 75. b6 Ka8 76. c6 Rg8 77. Ka6 Kb8 78. Rh7 Rc8 79. c7+ 1-0

[Event "Pardubice Czech op-A 25th"]
[Site "Pardubice"]
[Date "2014.07.25"]
[Round "8"]
[White "Klecker, Tadeas"]
[Black "Meissner, Felix"]
[Result "1-0"]
[WhiteElo "2167"]
[BlackElo "2263"]
[PlyCount "81"]
[EventDate "2014.07.18"]
[EventType "swiss"]
[EventRounds "9"]
[EventCountry "CZE"]
[SourceTitle "CBM 161 Extra"]
[Source "ChessBase"]
[SourceDate "2014.08.29"]
[SourceVersion "1"]
[SourceVersionDate "2014.08.29"]
[SourceQuality "1"]

1. d4 Nf6 2. c4 g6 3. Nc3 d5 4. cxd5 Nxd5 5. e4 Nxc3 6. bxc3 Bg7 7. Nf3 c5 8. Rb1 0-0 9. Be2 cxd4 10. cxd4 Qa5+ 11. Qd2 Qxd2+ 12. Bxd2 b6 13. d5 Ba6 14. Bb4 Re8 15. e5 Bxe2 16. Kxe2 Nd7 17. Bc3 Rac8 18. Rbc1 Rc5 19. e6 Bxc3 20. exd7 Rd8 21. Kd3 Bb4 22. Ne5 a5 23. Rxc5 Bxc5 24. Kc4 f6 25. Kb5 fxe5 26. Kc6 Bd6 27. Rb1 Kf7 28. a4 Kf6 29. Rxb6 e4 30. Rb5 Ke5 31. Rxa5 Kd4 32. Rb5 Kc4 33. Rb1 Be5 34. Re1 Kd3 35. Re3+ Kd4 36. a5 Bd6 37. Re1 Kd3 38. a6 Be5 39. Re3+ Kd4 40. Ra3 Bd6 41. Ra2 1-0

[Event "CZE-chT1W 1314"]
[Site "Czech Republic"]
[Date "2014.03.16"]
[Round "9.5"]
[White "Klecker, Tadeas"]
[Black "Mozny, Milos"]
[Result "1/2-1/2"]
[WhiteElo "2163"]
[BlackElo "2339"]
[PlyCount "41"]
[EventDate "2013.10.20"]
[EventType "team-tourn"]
[EventRounds "11"]
[EventCountry "CZE"]
[SourceTitle "EXT 2015"]
[Source "ChessBase"]
[SourceDate "2014.11.20"]
[SourceVersion "1"]
[SourceVersionDate "2014.11.20"]
[SourceQuality "1"]
[WhiteTeam "Praha Oaza"]
[BlackTeam "Hradec Kralove"]
[WhiteTeamCountry "CZE"]
[BlackTeamCountry "CZE"]

1. Nf3 d5 2. b3 c5 3. e3 Nc6 4. Bb2 Nf6 5. d4 cxd4 6. exd4 Bf5 7. Bd3 Bxd3 8. Qxd3 e6 9. a3 Bd6 10. 0-0 0-0 11. Nbd2 Rc8 12. Rac1 Bf4 13. g3 Bh6 14. Ne5 Qb6 15. Kg2 Rfd8 16. f4 g6 17. h3 Nxe5 18. dxe5 Ne4 19. Bd4 Qc6 20. Nxe4 dxe4 21. Qe3 1/2-1/2

[Event "CZE-chT1W 1314"]
[Site "Czech Republic"]
[Date "2013.11.24"]
[Round "3.5"]
[White "Klecker, Tadeas"]
[Black "Bednar, Marcel"]
[Result "0-1"]
[WhiteElo "2163"]
[BlackElo "2287"]
[PlyCount "70"]
[EventDate "2013.10.20"]
[EventType "team-tourn"]
[EventRounds "11"]
[EventCountry "CZE"]
[SourceTitle "EXT 2015"]
[Source "ChessBase"]
[SourceDate "2014.11.20"]
[SourceVersion "1"]
[SourceVersionDate "2014.11.20"]
[SourceQuality "1"]
[WhiteTeam "Praha Oaza"]
[BlackTeam "Praha Holdia II"]
[WhiteTeamCountry "CZE"]
[BlackTeamCountry "CZE"]

1. Nf3 Nf6 2. b3 g6 3. Bb2 Bg7 4. c4 0-0 5. g3 c6 6. Bg2 d5 7. 0-0 Bg4 8. d3 a5 9. a3 Qb6 10. Nbd2 Rd8 11. Qc2 Na6 12. h3 Bxf3 13. Bxf3 d4 14. Bg2 e5 15. g4 Nc5 16. Bc1 h5 17. gxh5 Nxh5 18. Rb1 Nf4 19. Ne4 Nce6 20. b4 axb4 21. axb4 Rd7 22. c5 Qd8 23. Kh2 Qh4 24. Rg1 f5 25. Ng3 Ng5 26. Bxf4 exf4 27. Nh1 Be5 28. f3 Rh7 29. Bf1 Nxh3 30. Rxg6+ Kh8 31. Bg2 Nf2+ 32. Kg1 Nxh1 33. e4 fxe3 34. f4 Qh2+ 35. Kf1 Qxf4+ 0-1

[Event "CZE-chT rap"]
[Site "Pardubice"]
[Date "2013.07.13"]
[Round "4.1"]
[White "Sluka, Radek"]
[Black "Klecker, Tadeas"]
[Result "1-0"]
[WhiteElo "2306"]
[BlackElo "2166"]
[PlyCount "95"]
[EventDate "2013.07.11"]
[EventType "team-swiss"]
[EventRounds "7"]
[EventCountry "CZE"]
[SourceTitle "CBM 155 Extra"]
[Source "ChessBase"]
[SourceDate "2013.08.26"]
[SourceVersion "1"]
[SourceVersionDate "2013.08.26"]
[SourceQuality "1"]

1. e4 d6 2. d4 e5 3. f4 exd4 4. Qxd4 Nc6 5. Bb5 Bd7 6. Qe3 g6 7. Nf3 Bg7 8. 0-0 Nge7 9. Kh1 0-0 10. Nc3 a6 11. Be2 Re8 12. Qf2 b5 13. a3 f5 14. Bd3 fxe4 15. Nxe4 Bf5 16. Nh4 d5 17. Nxf5 Nxf5 18. Ng5 Bd4 19. Qf3 h6 20. Nh3 Qd6 21. c3 Bb6 22. g4 Ne3 23. Re1 Nc4 24. Rd1 Ne3 25. Bxe3 Rxe3 26. Qg2 Rae8 27. Bf1 d4 28. cxd4 Nxd4 29. a4 c6 30. axb5 axb5 31. Rac1 b4 32. f5 g5 33. Nf2 c5 34. Rd3 Re1 35. Rxe1 Rxe1 36. Rd1 Rxd1 37. Nxd1 Nxf5 38. Qf3 Nd4 39. Bc4+ Kh8 40. Qf7 Qd8 41. Ne3 Bc7 42. Nd5 Be5 43. Kg2 Bg7 44. Ne7 Nc6 45. Ng6+ Kh7 46. Bd5 Qf6 47. Nf8+ Kh8 48. Qg8# 1-0

[Event "CZE-chT2C 1213"]
[Site "Czech Republic"]
[Date "2012.11.18"]
[Round "3.6"]
[White "Klecker, Tadeas"]
[Black "Hradecky, Ivo"]
[Result "1-0"]
[WhiteElo "2187"]
[BlackElo "2113"]
[PlyCount "73"]
[EventDate "2012.10.14"]
[EventType "team-tourn"]
[EventRounds "11"]
[EventCountry "CZE"]
[SourceTitle "EXT 2015"]
[Source "ChessBase"]
[SourceDate "2014.11.20"]
[SourceVersion "1"]
[SourceVersionDate "2014.11.20"]
[SourceQuality "1"]
[WhiteTeam "Praha Oaza"]
[BlackTeam "Vlasim"]
[WhiteTeamCountry "CZE"]
[BlackTeamCountry "CZE"]

1. d4 Nf6 2. c4 c5 3. d5 e6 4. Nc3 exd5 5. cxd5 d6 6. e4 g6 7. h3 Bg7 8. Nf3 0-0 9. Bd3 Na6 10. 0-0 Nc7 11. Nd2 Nd7 12. f4 f5 13. exf5 gxf5 14. Nc4 Nf6 15. Ne3 Kh8 16. Nxf5 Bxf5 17. Bxf5 Nfxd5 18. Bc2 Nxc3 19. Qd3 Qh4 20. bxc3 d5 21. Be3 b6 22. Rae1 Bf6 23. Kh2 Rg8 24. Bd2 Rg7 25. g3 Qh5 26. f5 Rag8 27. Bf4 c4 28. Qd2 Bg5 29. f6 Rf7 30. Re7 Bxf4 31. Rxf4 Qg5 32. Qf2 Rgf8 33. Rg4 Qh6 34. Rh4 Qxf6 35. Qxf6+ Rxf6 36. Rhxh7+ Kg8 37. Reg7# 1-0

[Event "Liberec op 13th"]
[Site "Liberec"]
[Date "2012.10.25"]
[Round "7"]
[White "Nguyen, Thai Dai Van"]
[Black "Klecker, Tadeas"]
[Result "1-0"]
[WhiteElo "2069"]
[BlackElo "2187"]
[PlyCount "139"]
[EventDate "2012.10.20"]
[EventType "swiss"]
[EventRounds "9"]
[EventCountry "CZE"]
[SourceTitle "EXT 2013"]
[Source "ChessBase"]
[SourceDate "2012.11.22"]
[SourceVersion "1"]
[SourceVersionDate "2012.11.22"]
[SourceQuality "1"]

1. e4 g6 2. d4 Bg7 3. Nf3 d6 4. Bc4 e6 5. 0-0 Ne7 6. c3 Nd7 7. Be3 b6 8. Nbd2 Bb7 9. Qc2 0-0 10. Rfe1 h6 11. Rad1 Kh7 12. Nf1 Qe8 13. Ng3 a6 14. Bc1 e5 15. Bd3 Rh8 16. b3 c5 17. Bb2 b5 18. a3 Qc8 19. dxc5 Nxc5 20. c4 Bc6 21. cxb5 axb5 22. Nxe5 Bb7 23. Nf3 Nxd3 24. Bxg7 Kxg7 25. Qxd3 Rd8 26. Qxb5 Rxa3 27. Qb4 Ra6 28. Qd4+ Kg8 29. h3 Rd7 30. Qd2 Kh7 31. Ne5 Rc7 32. Nxf7 Ng8 33. Nxd6 Qf8 34. Nxb7 Rxb7 35. Re3 Rba7 36. Rf3 Qe7 37. b4 h5 38. Re3 h4 39. Ne2 Ra1 40. Rxa1 Rxa1+ 41. Kh2 Qf7 42. f4 Ra2 43. Qd5 Qa7 44. Qc5 Qb7 45. Nd4 Ra1 46. Rd3 Nf6 47. Nf5 Qf7 48. Nd6 Qe7 49. Qe5 Qxe5 50. fxe5 Nh5 51. b5 Ng3 52. Rxg3 hxg3+ 53. Kxg3 Kg7 54. b6 Rb1 55. b7 Kf8 56. Kf4 Ke7 57. g4 Ke6 58. h4 Rf1+ 59. Ke3 Rb1 60. Kd4 Kd7 61. h5 gxh5 62. gxh5 Kc7 63. h6 Rh1 64. e6 Rxh6 65. e7 Rxd6+ 66. Ke5 Rh6 67. e8Q Kxb7 68. Qf7+ Kc6 69. Kf5 Rh2 70. Qd5+ 1-0

[Event "Liberec op 13th"]
[Site "Liberec"]
[Date "2012.10.22"]
[Round "3"]
[White "Gorbatov, Alexej"]
[Black "Klecker, Tadeas"]
[Result "1/2-1/2"]
[WhiteElo "2369"]
[BlackElo "2187"]
[PlyCount "63"]
[EventDate "2012.10.20"]
[EventType "swiss"]
[EventRounds "9"]
[EventCountry "CZE"]
[SourceTitle "EXT 2013"]
[Source "ChessBase"]
[SourceDate "2012.11.22"]
[SourceVersion "1"]
[SourceVersionDate "2012.11.22"]
[SourceQuality "1"]

1. e4 c5 2. Nf3 Nc6 3. Bb5 g6 4. 0-0 Bg7 5. c3 Nf6 6. Re1 0-0 7. d4 cxd4 8. cxd4 d5 9. e5 Ne4 10. Nbd2 Nxd2 11. Bxd2 Qb6 12. Bxc6 Qxc6 13. Bb4 Re8 14. Qb3 Bg4 15. Nd2 Qb6 16. h3 Bf5 17. g4 Bd7 18. Bc5 Qxb3 19. axb3 b6 20. Ba3 h5 21. f3 a5 22. Nf1 Bh6 23. Ne3 Be6 24. Rac1 Rac8 25. Rxc8 Rxc8 26. Kf2 Kf8 27. Kg3 Bxe3 28. Rxe3 Rc6 29. Rc3 Rxc3 30. bxc3 hxg4 31. fxg4 g5 32. Kf3 1/2-1/2

[Event "Frydek Mistek op"]
[Site "Frydek Mistek"]
[Date "2012.04.08"]
[Round "8"]
[White "Vanek, Ladislav"]
[Black "Klecker, Tadeas"]
[Result "1/2-1/2"]
[WhiteElo "2199"]
[BlackElo "2201"]
[PlyCount "120"]
[EventDate "2012.04.05"]
[EventType "swiss"]
[EventRounds "9"]
[EventCountry "CZE"]
[SourceTitle "CBM 147 Extra"]
[Source "ChessBase"]
[SourceDate "2012.04.24"]
[SourceVersion "1"]
[SourceVersionDate "2012.04.24"]
[SourceQuality "1"]

1. d4 Nf6 2. c4 d6 3. Nc3 Nbd7 4. Nf3 e5 5. e4 c6 6. Be2 Be7 7. 0-0 0-0 8. Qc2 Qc7 9. h3 a6 10. Be3 b5 11. cxb5 cxb5 12. Rac1 Nb6 13. dxe5 dxe5 14. Nxb5 Qxc2 15. Rxc2 axb5 16. Bxb6 Nxe4 17. Bxb5 Rxa2 18. Bc4 Ra4 19. b3 Rb4 20. Ba5 Rb8 21. Nxe5 Bf6 22. Ng4 Bxg4 23. hxg4 Bd8 24. Bxd8 Rfxd8 25. Re1 Nd2 26. Re7 Nxc4 27. bxc4 Kf8 28. Ra7 Ra8 29. Rxa8 Rxa8 30. Re2 Ra1+ 31. Kh2 Rc1 32. Re4 Rc3 33. f3 g5 34. Kg3 Rc2 35. Re5 f6 36. Re4 Kf7 37. f4 gxf4+ 38. Rxf4 Kg6 39. Rd4 f5 40. gxf5+ Kxf5 41. Rd5+ Ke6 42. Rc5 Kd6 43. Rc8 Kd7 44. Rc5 Kd6 45. Rd5+ Ke6 46. Rd4 Kf5 47. Kh3 h5 48. Rd5+ Ke6 49. Rc5 h4 50. Rc8 Kd7 51. Rh8 Rxc4 52. Rxh4 Rc3+ 53. g3 Ke7 54. Rf4 Rc1 55. Kg4 Rc8 56. Kh3 Rh8+ 57. Rh4 Ra8 58. Rh7+ Kf6 59. Kh4 Kg6 60. Rb7 Ra6 1/2-1/2